Heat and mass transfer (Record no. 5861)

000 -LEADER
fixed length control field 00529nam a2200205 4500
001 - CONTROL NUMBER
control field 5861
003 - CONTROL NUMBER IDENTIFIER
control field BD-DhUET
008 - FIXED-LENGTH DATA ELEMENTS--GENERAL INFORMATION
fixed length control field 700409m19679999is a b 000 0 eng
040 ## - CATALOGING SOURCE
Original cataloging agency DLC
Transcribing agency DLC
Modifying agency BD-DhUET
082 00 - DEWEY DECIMAL CLASSIFICATION NUMBER
Classification number 621.011
Item number ECK/1959
100 ## - MAIN ENTRY--PERSONAL NAME
Personal name Eckert, R. R. G.
245 00 - TITLE STATEMENT
Title Heat and mass transfer
250 ## - EDITION STATEMENT
Edition statement 2nd ed.
260 ## - PUBLICATION, DISTRIBUTION, ETC. (IMPRINT)
Place of publication, distribution, etc. New York
Name of publisher, distributor, etc. McGraw-Hill
Date of publication, distribution, etc. 1959
300 ## - PHYSICAL DESCRIPTION
Extent xiv, 530p.
490 1# - SERIES STATEMENT
Series statement McGraw-Hill series in mechanical engineering
650 #0 - SUBJECT ADDED ENTRY--TOPICAL TERM
Topical term or geographic name as entry element Heat-Transmission
700 ## - ADDED ENTRY--PERSONAL NAME
Personal name Drake, Robert M.
942 ## - ADDED ENTRY ELEMENTS (KOHA)
Koha item type General Book
Holdings
Koha normalized classification for sorting Koha date last seen Withdrawn status Koha item type Damaged status Date acquired Shelving location Piece designation (barcode) Not for loan Koha full call number Location (home branch) Koha issues (times borrowed) Sublocation or collection (holding branch) Koha date last borrowed Copy number Lost status Price effective from Source of classification or shelving scheme
621_011000000000000_ECK_19592014-11-29 General Book 2014-11-29Circulation section36668 621.011/ECK/1959Central Library, BUET Central Library, BUET   2014-11-29 
621_000000000000000_011ECK19592014-12-03 General Book 2014-12-03Circulation section14884 621.011/ECK/1959Central Library, BUET Central Library, BUET 2 2014-12-03 
621_011000000000000_ECK_19592015-04-12 General Book 2015-04-12Circulation section11302 621.011/ECK/1959Central Library, BUET Central Library, BUET 3 2015-04-12 
621_011000000000000_ECK_19592015-04-12 General Book 2015-04-12Circulation section31276 621.011/ECK/1959Central Library, BUET Central Library, BUET 4 2015-04-12 
621_011000000000000_ECK_19592015-04-12 General Book 2015-04-12Circulation section31274 621.011/ECK/1959Central Library, BUET Central Library, BUET 5 2015-04-12 
621_011000000000000_ECK_19592015-04-12 General Book 2015-04-12Circulation section31271 621.011/ECK/1959Central Library, BUET Central Library, BUET 6 2015-04-12 
621_011000000000000_ECK_19592015-04-12 General Book 2015-04-12Circulation section31272 621.011/ECK/1959Central Library, BUET Central Library, BUET 7 2015-04-12 
621_011000000000000_ECK_19592021-11-28 General Book 2015-04-13Circulation section31277 621.011/ECK/1959Central Library, BUET1Central Library, BUET2020-03-028 2015-04-13 
621_011000000000000_ECK_19592015-04-13 General Book 2015-04-13Circulation section11301 621.011/ECK/1959Central Library, BUET Central Library, BUET 9 2015-04-13 
621_011000000000000_ECK_19592015-04-13 General Book 2015-04-13Circulation section11303 621.011/ECK/1959Central Library, BUET Central Library, BUET 10 2015-04-13 
621_011000000000000_ECK_19592015-04-13 General Book 2015-04-13Circulation section24625 621.011/ECK/1959Central Library, BUET Central Library, BUET 11 2015-04-13 
621_011000000000000_ECK_19592015-04-13 General Book 2015-04-13Circulation section7652 621.011/ECK/1959Central Library, BUET Central Library, BUET 12 2015-04-13 
621_011000000000000_ECK_19592015-04-13 General Book 2015-04-13Circulation section24320 621.011/ECK/1959Central Library, BUET Central Library, BUET 13 2015-04-13 
621_011000000000000_ECK_19592015-04-13 General Book 2015-04-13Circulation section24976 621.011/ECK/1959Central Library, BUET Central Library, BUET 14 2015-04-13 
621_011000000000000_ECK_19592015-04-13 General Book 2015-04-13Circulation section31275 621.011/ECK/1959Central Library, BUET Central Library, BUET 15 2015-04-13 
621_011000000000000_ECK_19592015-06-16 General Book 2015-06-16Reading section7655 621.011/ECK/1959Central Library, BUET Central Library, BUET 16 2015-06-16